00404nam a2200145Ia 4500008004100000020001500041041001200056082001600068100001700084245008300101260003200184300000800216650001600224700001800240221030s9999 xx 000 0 und d a9812531076 aEnglish a105.23bBee aC. Becchetti 0aSpeech Recognition Theory & C++ Implementationcby C. Becchetti, L. P. Ricotti bJohn willeyaNew Yorkc2006 a407 aBE Computer aL. P. Ricotti